Saint Christophe (Record no. 5798)

MARC details
000 -LEADER
campo de control de longitud fija 00665nam a2200217 i 4500
001 - NÚMERO DE CONTROL
campo de control 5798
003 - IDENTIFICADOR DE NÚMERO DE CONTROL
campo de control ES-MaACL
005 - FECHA Y HORA DE LA ÚLTIMA TRANSACCIÓN
campo de control 20250929063043.0
007 - CAMPO FIJO DE DESCRIPCIÓN FÍSICA--INFORMACIÓN GENERAL
campo de control de longitud fija t|
008 - DATOS DE LONGITUD FIJA--INFORMACIÓN GENERAL
campo de control de longitud fija 890530s1936 fr ||||1|bfre d
080 ## - NÚMERO DE LA CLASIFICACIÓN DECIMAL UNIVERSAL
Número de la Clasificación Decimal Universal 235.3:92 Christophe, Saint
080 ## - NÚMERO DE LA CLASIFICACIÓN DECIMAL UNIVERSAL
Número de la Clasificación Decimal Universal 92 Christophe,Saint
100 1# - ENTRADA PRINCIPAL--NOMBRE DE PERSONA
Nombre de persona Saintyves, Pierre,
Fechas asociadas al nombre 1870-1935
9 (RLIN) 101565
245 10 - MENCIÓN DEL TÍTULO
Título Saint Christophe
Resto del título : successeur d'Anubis, d'Hermes et d'Heracles /
Mención de responsabilidad, etc. P. Saintyves.
260 ## - PUBLICACIÓN, DISTRIBUCIÓN, ETC.
Lugar de publicación, distribución, etc. Paris :
Nombre del editor, distribuidor, etc. Emile Nourry,
Fecha de publicación, distribución, etc. 1936.
300 ## - DESCRIPCIÓN FÍSICA
Extensión 55 p. ;
Dimensiones 20 cm.
500 ## - NOTA GENERAL
Nota general Ejemplar fotocopiado.
600 14 - PUNTO DE ACCESO ADICIONAL DE MATERIA--NOMBRE DE PERSONA
Nombre de persona Cristobal
Títulos y otros términos asociados al nombre Santo.
9 (RLIN) 41640
852 ## - LOCALIZACIÓN
Ubicación ES-MaACL
Número de control de estantería L-12942
Sublocalización o colección R.116538
Holdings
Estatus retirado Estado de pérdida Estado de daño No para préstamo Biblioteca de origen Biblioteca actual Ubicación en estantería Fecha de adquisición Fuente de adquisición Total de préstamos Signatura topográfica completa Código de barras Visto por última vez Precio de reemplazo Tipo de ítem Koha
        Biblioteca del Ateneo de Madrid Biblioteca del Ateneo de Madrid Depósito 2 17/01/2008     L-12942 1005888 23/02/2023 23/02/2023 Libro impreso